000 01715cam a2200349 ab4500
999 _c3723
_d3723
001 2345372
003 OSt
005 20241003093656.0
008 211222t20172017enk 000 1 eng d
020 _a9781406378672
040 _aGE2
_beng
_cGE2
_dTCPL
_dKH8
_eaacr2
042 _anbic
082 _aFIC HOR
100 1 _aHorowitz, Anthony,
_d1955-
_eauthor.
245 1 0 _aNever say die /
_cAnthony Horowitz.
260 _aLondon :
_bWalker Books Ltd.,
_c2017.
300 _a376 pages ;
_c20 cm.
490 1 _aAlex Rider.
520 _aFifteen-year-old MI6 agent Alex Rider travels around the world on a dangerous mission to destroy the deadly terrorist organization, Scorpia, once and for all.
520 _aAlex relocates to San Francisco as he slowly recovers from the tragic death of his best friend and caregiver, Jack Starbright, at the hands of terrorists working for SCORPIA. Out of the blue he receives a cryptic email-- just three words long, but enough to make Alex believe that Jack may be alive. He boards a flight bound for Egypt and embarks on a dubious quest to track Jack down. But SCORPIA is working on a new terrorist plot-- and Alex must traverse a minefield of dangers and cryptic clues as he fights to discover the truth.
526 0 _aAccelerated Reader
_bMG+
_c5.4
_d14.0
_z191576.
526 0 _aAccelerated Reader AR
_bMG+
_c5.4
_d14
_z191576.
600 1 0 _aRider, Alex
_c(Fictitious character)
610 1 0 _aGreat Britain.
_bMI6
_vFiction.
650 0 _aTerrorism
_vFiction.
650 0 _aTeenage boys
_vFiction.
650 0 _aSpy stories.
650 0 _aAdventure stories.
800 1 _aHorowitz, Anthony,
_d1955-
_tAlex Rider adventure.
830 0 _aAlex Rider.
942 _2ddc
_cFIC